Êtes-vous rapide ? Test de rapidité Q/R - Statistiques

Statistiques générales
  • Ce quiz a été pris 954 fois
  • Le résultat moyen est 9 sur 15
Statistiques - réponses
Question Réponse % Correct
A A
100%
G G
98%
L L
97%
M M
95%
R R
94%
W W
92%
Z Z
88%
6 6
70%
9 9
66%
& &
52%
41%
% %
22%
= =
9%
. .
2%
' '
0%
Aucun quiz correspondant
Distribution des résultats
% des personnes avec chaque résultat
Percentile par nombre de réponses
Votre historique - résultats
Vous n’avez pas pris ce quiz